000 00590nam a22002297a 4500
999 _c366335
_d366335
001 80073
003 UA-OsUOA
005 20200212143255.0
007 ta
008 20111128b un ||||| |||| 00| 0 ukr d
040 _aUA-OsUOA
_brus
_cUA-OsUOA
_dUA-OsUOA
041 _arus
080 _a821.161.1
090 _a821.161.1
_bФ96
100 _aФучик Ю.
245 _aИзбранное
_nкн. 2
260 _aМ.
_bПолитиздат
_c1983
300 _a447 с.
650 7 _a82 Література. Літературознавство
_2UDC
942 _cBK
_2udc
955 _a3